000 00538nam a2200217Ia 4500
005 20250718145510.0
008 008 250715s9999 xx 000 0 eng d
020 _a9781788731676 (Pbk)
037 _aTextual
040 _aFLL
_cFLL
041 _aeng
_2eng
084 _aX:3M24XM71, Q9
_qFLL
100 _aNETTL J.P
_9794569
245 0 _aRosa luxemburg, The Biography
250 _a1st
260 _bLondon Verso U.k
_c2019
300 _axxxii,984 ill
365 _b9801
942 _cTEXL
999 _c1433936
_d1433936